|
|
|
|
| LEADER |
00000nab a2200000 a 4500 |
| 001 |
vtls000650228 |
| 003 |
SK-MaSNL |
| 005 |
20260303184039.0 |
| 008 |
180206c1998 xo 0 slo |
| 015 |
|
|
|a SNBRA1998/02-02763
|
| 035 |
|
|
|a CLN000002422
|
| 040 |
|
|
|a SNKBUCL
|b slo
|c SNKBUCL
|e AACR2
|
| 041 |
0 |
|
|a slo
|
| 044 |
|
|
|a xo
|c SK
|
| 080 |
|
|
|a 329.14(437.6)SDĽ
|2 UDC-MRF-SK2
|
| 100 |
1 |
|
|a Bajánek, Emil
|4 aut
|9 896123
|
| 245 |
1 |
0 |
|a Podporujú referendum
|b Republiková rada SDĽ
|c Emil Bajánek
|
| 610 |
2 |
7 |
|a Strana demokratickej ľavice
|2 snkbucl
|9 165260
|
| 655 |
|
7 |
|a články z novín a časopisov
|2 snkbucl
|9 267496
|
| 773 |
0 |
|
|t Pravda
|g Roč. 8, č. 44 (23.2.1998), s. 2
|
| 850 |
|
|
|a Slovenská národná knižnica v Martine
|
| 852 |
|
|
|a SNK
|b KIS3GCP
|
| 958 |
|
|
|a RBX
|
| 999 |
|
|
|c 2124643
|d 2126573
|